Larra: el laberinto inextricable de un romántico liberal

Tallennettuna:
Bibliografiset tiedot
Päätekijä: Kirkpatrick, Susan
Aineistotyyppi: Kirja
Kieli:Undetermined
Julkaistu: Madrid, España Editorial Gredos 1977
Aiheet:
Tagit: Lisää tagi
Ei tageja, Lisää ensimmäinen tagi!

MARC

LEADER 00000nam a2200000Ia 4500
008 170316s9999 xx 000 0 und d
090 |a 801 K-5L 
100 |a Kirkpatrick, Susan 
245 |a Larra: el laberinto inextricable de un romántico liberal 
260 |a Madrid, España 
260 |b Editorial Gredos 
260 |c 1977 
300 |a 297 páginas 
650 |a TEORÍA LITERARIA 
650 |a MARIANO JOSE LARRA-PRIMEROS ESCRITOS 
650 |a ROMANTICISMO 
650 |a EL ESCRITOR 
650 |a COSTUMBRISMO 
650 |a HISTORIA 
999 |c 20396  |d 20396 
040 |a cru BVZT 
942 |c 15 D  |h 801 K-5L  |2 z